[Event "Sebes Romanian Rapid op"]
[Site "Sebes"]
[Date "2022.12.02"]
[Round "8"]
[White "Cristea, Virgil"]
[Black "Tudor, Henry Edward"]
[Result "0-1"]
[WhiteElo "1493"]
[BlackElo "1942"]
[PlyCount "69"]
[EventDate "2022.12.02"]
[EventType "swiss (rapid)"]
[EventRounds "8"]
[EventCountry "ROU"]
[SourceTitle "CBM 211 Extra"]
[Source "ChessBase"]
[SourceDate "2023.01.31"]
[SourceVersion "1"]
[SourceVersionDate "2023.01.31"]
[SourceQuality "1"]

1. e4 c5 2. Nf3 e6 3. d4 cxd4 4. Nxd4 a6 5. Be3 Nf6 6. f3 Qc7 7. Bd3 d5 8. Nd2 Bc5 9. Qe2 Nbd7 10. N4b3 Bd6 11. 0-0-0 Bxh2 12. g3 Bxg3 13. Rdg1 g6 14. Bg5 Bf4 15. exd5 Nxd5 16. Kb1 Be5 17. Nc4 Bg7 18. Rd1 b5 19. Nca5 N7b6 20. Be4 Qe5 21. Bc1 Bd7 22. Rhe1 0-0 23. Qf2 Qc7 24. f4 Nc4 25. Bxd5 exd5 26. Qc5 Rac8 27. Qxc7 Rxc7 28. Nxc4 dxc4 29. Nd4 Bg4 30. Rd2 Rd7 31. Nc6 c3 32. Rg2 Bf3 33. Rf2 Bxc6 34. bxc3 Bxc3 35. Rh1 0-1